000 00420cam a2200181ua 4500
020 _c5.00
041 _ahin
_h
082 _a891.54
_bPRE/MA
100 _aPremchand, .
245 _aMansarovar /
_cPremchand.
_hTextual Documents
260 _aNew Delhi :
_bSaraswathi Press ,
_c1962.
300 _a286 ; .
365 _a5.00
504 _a
942 _cBK
999 _c11352
_d11352